[Event "Aeroflot Open 2010"]
[Site "Moscu RUS"]
[Date "2010.02.13"]
[Round "5.25"]
[White "Salem, A.R. Saleh"]
[Black "Volkov, Sergey"]
[Result "0-1"]
[WhiteElo "2484"]
[BlackElo "2623"]
[PlyCount "124"]
[EventDate "2010.02.09"]
[EventType "swiss"]
[EventRounds "9"]
[EventCountry "RUS"]
[Source "lmi"]
[SourceDate "2010.02.09"]

1. d4 d5 2. c4 c6 3. Nc3 Nf6 4. e3 a6 5. Qc2 g6 6. Bd3 Bg7 7. Nf3 Bg4 8. Ne5
Be6 9. O-O Nbd7 10. Nxd7 Qxd7 11. c5 Bf5 12. Bxf5 Qxf5 13. Qxf5 gxf5 14. Ne2 a5
15. a4 Kd7 16. Nf4 b6 17. cxb6 Rhb8 18. Nd3 Rxb6 19. f3 Kc7 20. Ra3 Nd7 21. Bd2
f4 22. Nxf4 Rxb2 23. Bc3 Rc2 24. Rf2 Rc1+ 25. Rf1 Rxf1+ 26. Kxf1 e5 27. Nd3
exd4 28. exd4 Nb6 29. Nc5 Nd7 30. Nd3 Nf8 31. Nc5 Ne6 32. Nb3 Kd7 33. Ke2 Rb8
34. Nxa5 Bxd4 35. Bd2 Bb2 36. Re3 c5 37. Kd1 c4 38. f4 Bd4 39. Rh3 Rb1+ 40. Kc2
Rb2+ 41. Kd1 Nc5 42. Rh5 Kd6 43. Bc1 Rxg2 44. Ba3 c3 45. Nb3 Be3 46. Rh3 Ra2
47. Bxc5+ Bxc5 48. Rxc3 Bg1 49. a5 Bxh2 50. Rh3 Bxf4 51. Rxh7 f6 52. Rh8 Be3
53. Rc8 f5 54. Rf8 f4 55. a6 Ke5 56. Re8+ Kf5 57. Rf8+ Ke4 58. Rf6 f3 59. Re6+
Kd3 60. Rf6 f2 61. Rf3 Ke4 62. Rf6 Rxa6 0-1

[Event "Aeroflot Open 2010"]
[Site "Moscu RUS"]
[Date "2010.02.13"]
[Round "5.26"]
[White "Kosintseva, Tatiana"]
[Black "Iturrizaga, Eduardo"]
[Result "1/2-1/2"]
[WhiteElo "2515"]
[BlackElo "2616"]
[PlyCount "122"]
[EventDate "2010.02.09"]
[EventType "swiss"]
[EventRounds "9"]
[EventCountry "RUS"]
[Source "lmi"]
[SourceDate "2010.02.09"]

1. e4 c5 2. Nf3 Nc6 3. d4 cxd4 4. Nxd4 g6 5. Nc3 Bg7 6. Be3 Nf6 7. Bc4 O-O 8.
Bb3 d6 9. f3 Bd7 10. Qd2 Nxd4 11. Bxd4 b5 12. a4 b4 13. Nd5 Nxd5 14. Bxg7 Kxg7
15. exd5 Qa5 16. h4 h5 17. Qd4+ Kh7 18. g4 Qc5 19. Qxc5 dxc5 20. gxh5 gxh5 21.
O-O-O Kg7 22. Rhg1+ Kf6 23. Rg5 Rg8 24. f4 Bg4 25. Re1 Rgd8 26. Bc4 Rd7 27. a5
Rad8 28. b3 Rd6 29. Kb2 Rc8 30. Ree5 Rdd8 31. Be2 e6 32. dxe6 fxe6 33. Bd3 Rd4
34. Rg6+ Kf7 35. Reg5 Rxf4 36. Rg7+ Kf6 37. Rxa7 Bf5 38. Rxh5 Bxd3 39. cxd3 Rg8
40. Rxc5 Rxh4 41. Rb7 Ra8 42. Rbb5 Rf4 43. Rb6 Rf2+ 44. Rc2 Rxc2+ 45. Kxc2 Rxa5
46. Rxb4 Ke5 47. Rc4 Kd5 48. Kb2 e5 49. b4 Ra4 50. Kb3 Ra1 51. b5 Rb1+ 52. Ka4
Ra1+ 53. Kb4 Rb1+ 54. Ka5 Ra1+ 55. Ra4 Rb1 56. Rh4 Ra1+ 57. Kb6 Ra3 58. Rh3 Kd4
59. Rh4+ Kd5 60. Rh3 Kd4 61. Kc7 e4 1/2-1/2

[Event "Aeroflot Open 2010"]
[Site "Moscu RUS"]
[Date "2010.02.13"]
[Round "5.28"]
[White "Andriasian, Zaven"]
[Black "Maletin, Pavel"]
[Result "1-0"]
[WhiteElo "2613"]
[BlackElo "2591"]
[PlyCount "87"]
[EventDate "2010.02.09"]
[EventType "swiss"]
[EventRounds "9"]
[EventCountry "RUS"]
[Source "lmi"]
[SourceDate "2010.02.09"]

1. e4 c5 2. Nf3 Nc6 3. Bb5 g6 4. Bxc6 dxc6 5. d3 Bg7 6. O-O Nh6 7. h3 b6 8. Nc3
O-O 9. Be3 f6 10. a3 Nf7 11. b4 f5 12. Bd2 fxe4 13. Nxe4 Bxa1 14. Qxa1 Bf5 15.
Ng3 Qd5 16. Re1 Rae8 17. bxc5 e5 18. cxb6 axb6 19. Re3 Re7 20. Bc3 Rfe8 21. Qe1
c5 22. Qe2 Re6 23. Nxf5 gxf5 24. Nh4 f4 25. Qg4+ Kf8 26. Re4 Qd8 27. Nf3 Rg6
28. Qf5 Qf6 29. Rxf4 Qxf5 30. Rxf5 Kg8 31. Bxe5 Rge6 32. d4 Nxe5 33. dxe5 Rf8
34. g4 b5 35. Kg2 Rxf5 36. gxf5 Ra6 37. Kg3 Rxa3 38. e6 b4 39. Kf4 Ra4 40. Kg5
c4 41. Ne5 b3 42. cxb3 cxb3 43. e7 Ra8 44. f6 1-0

[Event "Aeroflot Open 2010"]
[Site "Moscu RUS"]
[Date "2010.02.13"]
[Round "5.29"]
[White "Morovic Fernandez, Ivan"]
[Black "Zhigalko, Sergei"]
[Result "1/2-1/2"]
[WhiteElo "2561"]
[BlackElo "2646"]
[PlyCount "201"]
[EventDate "2010.02.09"]
[EventType "swiss"]
[EventRounds "9"]
[EventCountry "RUS"]
[Source "lmi"]
[SourceDate "2010.02.09"]

1. d4 d5 2. c4 e6 3. Nf3 c6 4. Bg5 f6 5. Bd2 dxc4 6. e4 b5 7. a4 a5 8. b3 e5 9.
axb5 cxb5 10. bxc4 b4 11. c5 Ba6 12. Qa4+ Qd7 13. Qxa5 Bb7 14. Bb5 Rxa5 15.
Bxd7+ Kxd7 16. Rxa5 Bxe4 17. O-O Ne7 18. Ra7+ Kc8 19. dxe5 Nec6 20. Ra2 Bxc5
21. Rc1 Be7 22. exf6 gxf6 23. Be3 Rg8 24. Ne1 b3 25. Rb2 Bd5 26. Nc3 Bf7 27.
Nb5 Kb7 28. Nd3 Na6 29. h3 Rd8 30. Rc3 Na5 31. Nd4 f5 32. Nxb3 Nxb3 33. Rbxb3+
Bxb3 34. Rxb3+ Kc8 35. Kf1 Nc7 36. Ke2 Rd5 37. Rb6 Rd6 38. Rb3 Nd5 39. Bd2 Kd7
40. Rb8 Bd8 41. Nc5+ Kc7 42. Ra8 Kb6 43. Rc8 Ka7 44. Nd3 Kb7 45. Rc4 Bf6 46.
Nf4 Ne7 47. Be3 Rc6 48. Rb4+ Kc8 49. Rb5 Kd7 50. g4 fxg4 51. hxg4 Bg7 52. Nh5
Ba1 53. Ng3 Ng8 54. Rb7+ Rc7 55. Rb8 Nf6 56. Kf3 Ke6 57. Nf5 Nd5 58. Bh6 Rc3+
59. Kg2 Rc4 60. Kf3 Rc3+ 61. Kg2 Rc4 62. Re8+ Kd7 63. Rg8 Ne7 64. Nxe7 Kxe7 65.
Kg3 Rc6 66. Be3 Kf7 67. Rg5 Bg7 68. Rh5 Kg8 69. Rd5 Rc3 70. Rd8+ Kf7 71. Rd7+
Kg8 72. Kh4 Rb3 73. g5 Ra3 74. Kg4 Ra6 75. Kh5 Ra5 76. Bd4 Bxd4 77. Rxd4 Ra1
78. Rd8+ Kg7 79. Rd7+ Kg8 80. f4 Rg1 81. f5 Rg2 82. Rd8+ Kf7 83. Rd7+ Kg8 84.
f6 Rg1 85. Rg7+ Kh8 86. Re7 Kg8 87. Rg7+ Kh8 88. Rc7 Kg8 89. Kh4 Rg2 90. Rc8+
Kf7 91. Rh8 Rh2+ 92. Kg3 Rh5 93. Kg4 Rh1 94. Rc8 Rg1+ 95. Kf4 Rf1+ 96. Ke3 Rf5
97. Rc7+ Kf8 98. Rc8+ Kf7 99. Rc7+ Kf8 100. Rg7 h6 101. Ke4 1/2-1/2

[Event "Aeroflot Open 2010"]
[Site "Moscu RUS"]
[Date "2010.02.13"]
[Round "5.30"]
[White "Shomoev, Anton"]
[Black "Potkin, Vladimir"]
[Result "1/2-1/2"]
[WhiteElo "2559"]
[BlackElo "2611"]
[PlyCount "76"]
[EventDate "2010.02.09"]
[EventType "swiss"]
[EventRounds "9"]
[EventCountry "RUS"]
[Source "lmi"]
[SourceDate "2010.02.09"]

1. e4 c5 2. Nf3 e6 3. d4 cxd4 4. Nxd4 a6 5. c4 Nf6 6. Nc3 Bb4 7. Qf3 Qc7 8. Nc2
Bd6 9. g4 O-O 10. g5 Ne8 11. h4 Be5 12. Ne3 Nc6 13. Bd2 b5 14. Rc1 Nd6 15. cxb5
Nxb5 16. Ng4 Nbd4 17. Qe3 f5 18. gxf6 Bxf6 19. f4 Bb7 20. Bd3 Be7 21. h5 Rf7
22. Rg1 Bg5 23. fxg5 Rf3 24. Nh6+ Kh8 25. Nf7+ Rxf7 26. Qg3 Qb6 27. Rf1 Rxf1+
28. Bxf1 Rf8 29. Bg2 Nb4 30. Kd1 a5 31. h6 Kg8 32. g6 Nf5 33. exf5 Qg1+ 34. Be1
Qd4+ 35. Bd2 Qg1+ 36. Be1 Qd4+ 37. Bd2 Qg1+ 38. Be1 Qd4+ 1/2-1/2

[Event "Aeroflot Open 2010"]
[Site "Moscu RUS"]
[Date "2010.02.13"]
[Round "5.31"]
[White "Ragger, Markus"]
[Black "Lenic, Luka"]
[Result "1/2-1/2"]
[WhiteElo "2568"]
[BlackElo "2595"]
[PlyCount "50"]
[EventDate "2010.02.09"]
[EventType "swiss"]
[EventRounds "9"]
[EventCountry "RUS"]
[Source "lmi"]
[SourceDate "2010.02.09"]

1. e4 e5 2. Nf3 Nc6 3. Bb5 Nf6 4. O-O Nxe4 5. Re1 Nd6 6. Nxe5 Be7 7. Bf1 Nxe5
8. Rxe5 O-O 9. d4 Bf6 10. Re1 Nf5 11. c3 d5 12. Bd3 Nh4 13. Bf4 Bf5 14. Bxf5
Nxf5 15. Qd3 Ne7 16. Nd2 Ng6 17. Bg3 Qd7 18. Re2 Rfe8 19. Rae1 Rxe2 20. Qxe2 c6
21. Nf3 Kf8 22. Kf1 Re8 23. Qxe8+ Qxe8 24. Rxe8+ Kxe8 25. Ke2 Kd7 1/2-1/2

[Event "Aeroflot Open 2010"]
[Site "Moscu RUS"]
[Date "2010.02.13"]
[Round "5.32"]
[White "Rakhmanov, Aleksandr"]
[Black "Yudin, Sergei"]
[Result "1-0"]
[WhiteElo "2591"]
[BlackElo "2573"]
[PlyCount "73"]
[EventDate "2010.02.09"]
[EventType "swiss"]
[EventRounds "9"]
[EventCountry "RUS"]
[Source "lmi"]
[SourceDate "2010.02.09"]

1. d4 d5 2. c4 dxc4 3. e3 e5 4. Bxc4 exd4 5. exd4 Nf6 6. Nc3 Bd6 7. Nf3 O-O 8.
O-O Nc6 9. h3 h6 10. Qd3 Na5 11. Bb5 Bd7 12. Rd1 Bxb5 13. Qxb5 c6 14. Qd3 b5
15. b3 a6 16. Be3 Re8 17. Rac1 Nb7 18. d5 Ba3 19. Rc2 cxd5 20. Nxd5 Nxd5 21.
Qxd5 Qxd5 22. Rxd5 Red8 23. Rxd8+ Nxd8 24. Nd4 Be7 25. g4 Bf6 26. Kg2 Bxd4 27.
Bxd4 a5 28. Be3 a4 29. Rc5 axb3 30. axb3 Rb8 31. Rc7 Ne6 32. Rd7 g5 33. Kg3 Rc8
34. Rd5 Rc3 35. Rxb5 Nd4 36. Rd5 Nc2 37. Rc5 1-0

[Event "Aeroflot Open 2010"]
[Site "Moscu RUS"]
[Date "2010.02.13"]
[Round "5.33"]
[White "Hou, Yifan"]
[Black "Javakhishvili, Lela"]
[Result "1/2-1/2"]
[WhiteElo "2590"]
[BlackElo "2493"]
[PlyCount "115"]
[EventDate "2010.02.09"]
[EventType "swiss"]
[EventRounds "9"]
[EventCountry "RUS"]
[Source "lmi"]
[SourceDate "2010.02.09"]

1. e4 c5 2. Nf3 e6 3. d4 cxd4 4. Nxd4 a6 5. Bd3 Bc5 6. Nb3 Be7 7. Qg4 g6 8. Qe2
d6 9. a4 Nd7 10. O-O Ne5 11. Na3 Nf6 12. Bh6 Nfg4 13. Bg7 Rg8 14. Bxe5 Nxe5 15.
f4 Nxd3 16. Qxd3 Bd7 17. Nc4 Qc7 18. Rfd1 Rc8 19. Nxd6+ Bxd6 20. Qxd6 Qxd6 21.
Rxd6 Ke7 22. Rb6 Rxc2 23. Rxb7 Rgc8 24. Nd4 R8c7 25. Rxc7 Rxc7 26. Kf2 f6 27.
Re1 Rb7 28. Re2 Rb4 29. Ke3 e5 30. fxe5 fxe5 31. Nf3 Bg4 32. Rc2 Bxf3 33. gxf3
Kd6 34. Rd2+ Ke6 35. a5 Rb5 36. Kd3 Rxa5 37. Kc4 Ra2 38. Kc5 Kf6 39. h4 Ra5+
40. Kc4 Ra4+ 41. Kc5 Ra5+ 42. Kc6 Rb5 43. Rd6+ Kf7 44. Rd7+ Ke6 45. Rd6+ Kf7
46. Rd7+ Ke6 47. Rxh7 Rxb2 48. h5 Rc2+ 49. Kb6 gxh5 50. Rh6+ Kd7 51. Rh7+ Kd6
52. Rxh5 Rc3 53. Rh6+ Ke7 54. Kxa6 Rxf3 55. Kb5 Rf4 56. Kc4 Rxe4+ 57. Kd5 Re1
58. Re6+ 1/2-1/2

[Event "Aeroflot Open 2010"]
[Site "Moscu RUS"]
[Date "2010.02.13"]
[Round "5.34"]
[White "Shabalov, Alexander"]
[Black "Novikov, Stanislav"]
[Result "1-0"]
[WhiteElo "2611"]
[BlackElo "2557"]
[PlyCount "61"]
[EventDate "2010.02.09"]
[EventType "swiss"]
[EventRounds "9"]
[EventCountry "RUS"]
[Source "lmi"]
[SourceDate "2010.02.09"]

1. e4 g6 2. d4 Bg7 3. Nf3 c6 4. h3 d6 5. a4 Nf6 6. Bd3 O-O 7. O-O Nbd7 8. Re1
e5 9. c3 Qc7 10. Na3 b6 11. Nc4 Bb7 12. b3 b5 13. axb5 cxb5 14. Na5 Qxc3 15.
Bd2 Qxd3 16. Nxb7 exd4 17. Nxd6 Nc5 18. e5 Nd5 19. b4 Na4 20. Qc1 Ndc3 21. Kh1
a5 22. Bh6 Nb6 23. Bxg7 Kxg7 24. e6 Nc4 25. Nxf7 a4 26. Qh6+ Kf6 27. N7g5 Rg8
28. Nxh7+ Ke7 29. Qg5+ Ke8 30. Nf6+ Kf8 31. Qc5+ 1-0

[Event "Aeroflot Open 2010"]
[Site "Moscu RUS"]
[Date "2010.02.13"]
[Round "5.35"]
[White "Iljushin, Alexei"]
[Black "Ghaem Maghami, Ehsan"]
[Result "1/2-1/2"]
[WhiteElo "2551"]
[BlackElo "2589"]
[PlyCount "42"]
[EventDate "2010.02.09"]
[EventType "swiss"]
[EventRounds "9"]
[EventCountry "RUS"]
[Source "lmi"]
[SourceDate "2010.02.09"]

1. d4 Nf6 2. c4 e6 3. g3 Bb4+ 4. Bd2 a5 5. Bg2 d5 6. Qc2 O-O 7. Nf3 c6 8. O-O
Bd6 9. Nc3 dxc4 10. e4 Be7 11. e5 Nd5 12. Ne4 Nb4 13. Qxc4 b6 14. Bxb4 axb4 15.
Rfe1 Bb7 16. h4 Nd7 17. Nd6 Bxd6 18. exd6 Nf6 19. Qxb4 Nd5 20. Qd2 Qxd6 21. a3
c5 1/2-1/2

[Event "Aeroflot Open 2010"]
[Site "Moscu RUS"]
[Date "2010.02.13"]
[Round "5.36"]
[White "Papin, Vasily"]
[Black "Salgado Lopez, Ivan"]
[Result "1/2-1/2"]
[WhiteElo "2548"]
[BlackElo "2584"]
[PlyCount "146"]
[EventDate "2010.02.09"]
[EventType "swiss"]
[EventRounds "9"]
[EventCountry "RUS"]
[Source "lmi"]
[SourceDate "2010.02.09"]

1. d4 d5 2. c4 c6 3. Nf3 Nf6 4. Nc3 e6 5. Bg5 h6 6. Bh4 dxc4 7. e4 g5 8. Bg3 b5
9. Be2 Bb7 10. O-O Nbd7 11. Ne5 Bg7 12. Nxd7 Nxd7 13. Bd6 Bf8 14. Bxf8 Rxf8 15.
a4 a6 16. e5 Qb6 17. Ne4 O-O-O 18. Nd6+ Kb8 19. b3 c3 20. Qd3 c2 21. axb5 axb5
22. Bf3 g4 23. Bxg4 f6 24. Bxe6 fxe5 25. Bxd7 Qxd4 26. Qxc2 Qxd6 27. Bh3 Rf4
28. g3 Rd4 29. Qa2 Qc5 30. Rfc1 Qb6 31. Qe2 e4 32. Qe3 c5 33. Bf1 Rf8 34. Be2
b4 35. Rc2 Qd6 36. Rac1 Rf5 37. g4 Rfd5 38. Qg3 Qxg3+ 39. hxg3 Rd2 40. Kf1 Rxc2
41. Rxc2 Kc7 42. Ke1 Kb6 43. Bc4 Rd4 44. Ke2 Bd5 45. Ke3 Bxc4 46. bxc4 Kc6 47.
Rc1 Kd7 48. Rh1 Rxc4 49. Rxh6 b3 50. Rh1 b2 51. Kd2 Ke7 52. Rb1 Rb4 53. Kc3 Kf6
54. Rxb2 Rxb2 55. Kxb2 Kg5 56. Kc3 Kxg4 57. Kc4 Kf3 58. g4 Kxf2 59. g5 e3 60.
g6 e2 61. g7 e1=Q 62. g8=Q Qb4+ 63. Kd3 Qb1+ 64. Kd2 Qe1+ 65. Kc2 Qe4+ 66. Kc3
Qe5+ 67. Kc2 Qf5+ 68. Kc3 Qf6+ 69. Kc2 Qe7 70. Qd5 Qc7 71. Kd3 Qh7+ 72. Kc4
Qc2+ 73. Kb5 Qe2+ 1/2-1/2

[Event "Aeroflot Open 2010"]
[Site "Moscu RUS"]
[Date "2010.02.13"]
[Round "5.37"]
[White "Feller, Sebastien"]
[Black "Krylov, Mikhail"]
[Result "1-0"]
[WhiteElo "2579"]
[BlackElo "2511"]
[PlyCount "101"]
[EventDate "2010.02.09"]
[EventType "swiss"]
[EventRounds "9"]
[EventCountry "RUS"]
[Source "lmi"]
[SourceDate "2010.02.09"]

1. d4 Nf6 2. c4 c5 3. d5 b5 4. cxb5 a6 5. bxa6 g6 6. Nc3 Bxa6 7. Nf3 d6 8. e4
Bxf1 9. Kxf1 Bg7 10. g3 O-O 11. Kg2 Nbd7 12. h3 Ra6 13. Re1 Qa8 14. Bg5 Rb8 15.
Qc2 Ne8 16. Re2 Rab6 17. Bc1 Nc7 18. a4 Qa5 19. Ra3 R6b7 20. Qd3 Ne5 21. Nxe5
Bxe5 22. Nd1 Na6 23. Bd2 Nb4 24. Qc4 Qa6 25. Qxa6 Nxa6 26. Bc3 Bxc3 27. bxc3
Rb1 28. Ne3 R8b3 29. Rea2 R1b2 30. Nd1 Rd2 31. Rxb3 Rxa2 32. Rb7 Kf8 33. Nb2 c4
34. e5 dxe5 35. Nxc4 e4 36. a5 Nc5 37. Rb8+ Kg7 38. Re8 f5 39. Rxe7+ Kf6 40.
Rxh7 Nd3 41. Rb7 Ra1 42. Kh2 Nxf2 43. Rb6+ Ke7 44. Rxg6 Nd3 45. d6+ Ke8 46. Nb6
Nc5 47. Rg7 Rxa5 48. d7+ Nxd7 49. Rxd7 Ra6 50. Rd6 e3 51. Kg2 1-0

[Event "Aeroflot Open 2010"]
[Site "Moscu RUS"]
[Date "2010.02.13"]
[Round "5.38"]
[White "Danin, Alexandre"]
[Black "Svetushkin, Dmitry"]
[Result "1-0"]
[WhiteElo "2519"]
[BlackElo "2573"]
[PlyCount "75"]
[EventDate "2010.02.09"]
[EventType "swiss"]
[EventRounds "9"]
[EventCountry "RUS"]
[Source "lmi"]
[SourceDate "2010.02.09"]

1. e4 e5 2. Nf3 Nc6 3. d4 exd4 4. Nxd4 Bb4+ 5. c3 Bc5 6. Be3 Bb6 7. Qa4 Nf6 8.
Nf5 O-O 9. Bxb6 cxb6 10. Nd2 d5 11. Ne3 dxe4 12. Nxe4 Nxe4 13. Qxe4 Re8 14. Qf4
Ne5 15. Rd1 Qc7 16. Qg3 Bg4 17. Rd4 Bh5 18. Bb5 Re6 19. Rd5 Rd8 20. O-O Rxd5
21. Nxd5 Qc5 22. Nf4 Qxb5 23. Nxh5 Ng6 24. Nf4 Re8 25. b3 a5 26. Qf3 Nxf4 27.
Qxf4 h6 28. g3 Qe2 29. Qc7 Re6 30. Qxb7 Qxa2 31. Qd5 Qc2 32. Qc4 h5 33. h4 g6
34. Kg2 Kh7 35. Ra1 Rf6 36. Qd4 Rf5 37. b4 axb4 38. Ra8 1-0

[Event "Aeroflot Open 2010"]
[Site "Moscu RUS"]
[Date "2010.02.13"]
[Round "5.39"]
[White "Laylo, Darwin"]
[Black "Lopez Martinez, Josep Manuel"]
[Result "0-1"]
[WhiteElo "2556"]
[BlackElo "2593"]
[PlyCount "130"]
[EventDate "2010.02.09"]
[EventType "swiss"]
[EventRounds "9"]
[EventCountry "RUS"]
[Source "lmi"]
[SourceDate "2010.02.09"]

1. c4 g6 2. Nc3 Bg7 3. g3 Nf6 4. Bg2 O-O 5. e4 d6 6. Nge2 c5 7. O-O Nc6 8. d3
Ne8 9. Be3 Nd4 10. Qd2 Nc7 11. Bh6 e5 12. Bxg7 Kxg7 13. f4 f6 14. Nxd4 cxd4 15.
Ne2 Bg4 16. Nc1 Qd7 17. Nb3 b6 18. Rf2 a5 19. Raf1 Na6 20. Na1 Nc5 21. Nc2 Bh3
22. f5 Bxg2 23. Rxg2 b5 24. b3 bxc4 25. bxc4 Rab8 26. Ne1 gxf5 27. Rxf5 Rb1 28.
Rf1 Qg4 29. Rgf2 a4 30. Ng2 Rxf1+ 31. Rxf1 Kg8 32. Nh4 Qg5 33. Rf2 Qxd2 34.
Rxd2 Rb8 35. Nf5 a3 36. Nxd6 Rb1+ 37. Kf2 Nb3 38. Re2 Rb2 39. Ke1 Rb1+ 40. Kf2
Rb2 41. Ke1 Nc1 42. Rd2 Nxa2 43. Nb5 Nb4 44. Nxa3 Rb3 45. Nb5 Nxd3+ 46. Ke2 Nc5
47. Nxd4 exd4 48. Rxd4 Kf7 49. e5 fxe5 50. Rd5 Ne6 51. Rxe5 Rb2+ 52. Kd3 Rxh2
53. c5 Kf6 54. Rd5 Rh3 55. Kc4 Rxg3 56. Rh5 Rg4+ 57. Kb5 Kg6 58. Re5 Nxc5 59.
Kxc5 Rg5 60. Kd4 Rxe5 61. Kxe5 Kg5 62. Ke4 Kg4 63. Ke3 Kg3 64. Ke2 Kg2 65. Ke3
h5 0-1

[Event "Aeroflot Open 2010"]
[Site "Moscu RUS"]
[Date "2010.02.13"]
[Round "5.40"]
[White "Vazquez Igarza, Renier"]
[Black "Ajrapetjan, Yuriy"]
[Result "1/2-1/2"]
[WhiteElo "2560"]
[BlackElo "2525"]
[PlyCount "105"]
[EventDate "2010.02.09"]
[EventType "swiss"]
[EventRounds "9"]
[EventCountry "RUS"]
[Source "lmi"]
[SourceDate "2010.02.09"]

1. Nf3 Nf6 2. c4 e6 3. Nc3 c5 4. g3 b6 5. Bg2 Bb7 6. O-O Be7 7. Re1 d6 8. e4 a6
9. d4 cxd4 10. Nxd4 Qc7 11. Be3 Nbd7 12. f4 Nc5 13. Bf2 O-O 14. Rc1 Rac8 15.
Qe2 Rfd8 16. f5 e5 17. Nc2 b5 18. cxb5 axb5 19. Nb4 Qa5 20. a3 Nb3 21. Rcd1 Rc4
22. Ncd5 Nxd5 23. exd5 Re8 24. Qf3 Qa4 25. Bf1 Rec8 26. Bxc4 bxc4 27. Qc3 Bf6
28. Qc2 Qd7 29. Re4 Nd4 30. Bxd4 exd4 31. Rdxd4 Bxd4+ 32. Rxd4 Qe7 33. Qe4 Qxe4
34. Rxe4 Kf8 35. Kf2 c3 36. bxc3 Rxc3 37. Re3 Rc5 38. g4 h5 39. h3 Bxd5 40. Rd3
Be4 41. Rxd6 Rc3 42. Rd4 Rf3+ 43. Ke2 Bb7 44. Rd7 Be4 45. Rd3 hxg4 46. hxg4 Rf4
47. Rg3 Bb7 48. Ke3 Rf1 49. Kd4 Ke7 50. Nd5+ Kd6 51. Ne3 Rf4+ 52. Kc3 Kc5 53.
Rh3 1/2-1/2

[Event "Aeroflot Open 2010"]
[Site "Moscu RUS"]
[Date "2010.02.14"]
[Round "6.1"]
[White "Grachev, Boris"]
[Black "Le, Quang Liem"]
[Result "1/2-1/2"]
[WhiteElo "2653"]
[BlackElo "2647"]
[PlyCount "53"]
[EventDate "2010.02.09"]
[EventType "swiss"]
[EventRounds "9"]
[EventCountry "RUS"]
[Source "lmi"]
[SourceDate "2010.02.09"]

1. d4 Nf6 2. c4 e6 3. Nf3 d5 4. Nc3 dxc4 5. e3 a6 6. a4 b6 7. Bxc4 Bb7 8. O-O
Bb4 9. Ne5 O-O 10. Be2 Nbd7 11. Nc4 b5 12. Na2 bxc4 13. Nxb4 a5 14. Nc2 Nb6 15.
Na3 Qd7 16. f3 Ba6 17. b3 cxb3 18. Bxa6 Rxa6 19. Qxb3 Rb8 20. Bd2 Raa8 21. Rfb1
h6 22. Nc4 Nxc4 23. Qxc4 Nd5 24. Rxb8+ Rxb8 25. Bxa5 Ra8 26. Bd2 Nb6 27. Qc2
1/2-1/2

[Event "Aeroflot Open 2010"]
[Site "Moscu RUS"]
[Date "2010.02.14"]
[Round "6.3"]
[White "Cheparinov, Ivan"]
[Black "Timofeev, Artyom"]
[Result "1/2-1/2"]
[WhiteElo "2660"]
[BlackElo "2652"]
[PlyCount "68"]
[EventDate "2010.02.09"]
[EventType "swiss"]
[EventRounds "9"]
[EventCountry "RUS"]
[Source "lmi"]
[SourceDate "2010.02.09"]

1. e4 c5 2. Nf3 Nc6 3. d4 cxd4 4. Nxd4 Nf6 5. Nc3 e5 6. Ndb5 d6 7. Bg5 a6 8.
Na3 b5 9. Bxf6 gxf6 10. Nd5 f5 11. Bd3 Be6 12. c3 Bg7 13. Nxb5 axb5 14. Bxb5
Bd7 15. exf5 O-O 16. O-O Rb8 17. a4 Re8 18. Qg4 Kh8 19. Qe4 f6 20. b4 Ne7 21.
Bxd7 Qxd7 22. Nxe7 Rxe7 23. Rfd1 Qc7 24. a5 Qxc3 25. b5 Ra7 26. Qa4 Bh6 27.
Rxd6 Bf8 28. Rxf6 Bc5 29. Rc6 Rg8 30. Rf1 Rag7 31. Rg6 hxg6 32. Qh4+ Rh7 33.
Qf6+ Rhg7 34. Qh4+ Rh7 1/2-1/2

[Event "Aeroflot Open 2010"]
[Site "Moscu RUS"]
[Date "2010.02.14"]
[Round "6.4"]
[White "So, Wesley"]
[Black "Pashikian, Arman"]
[Result "1/2-1/2"]
[WhiteElo "2656"]
[BlackElo "2647"]
[PlyCount "103"]
[EventDate "2010.02.09"]
[EventType "swiss"]
[EventRounds "9"]
[EventCountry "RUS"]
[Source "lmi"]
[SourceDate "2010.02.09"]

1. d4 d5 2. c4 c6 3. Nf3 Nf6 4. Nc3 e6 5. Bg5 h6 6. Bh4 dxc4 7. e4 g5 8. Bg3 b5
9. Be2 Bb7 10. O-O Nbd7 11. Ne5 h5 12. Nxd7 Qxd7 13. Be5 Rh6 14. Qc1 Rg6 15.
Rd1 Qe7 16. a4 a6 17. Qe3 Nd7 18. Bxh5 Rh6 19. Qf3 O-O-O 20. h3 Nxe5 21. dxe5
Rxd1+ 22. Rxd1 Bg7 23. axb5 axb5 24. Bxf7 Bxe5 25. Bh5 Rh8 26. Bg4 Rd8 27.
Rxd8+ Kxd8 28. Qe3 Qf6 29. Qc5 Kd7 30. Nd5 cxd5 31. exd5 Bd4 32. dxe6+ Ke8 33.
Bh5+ Kd8 34. e7+ Qxe7 35. Qxd4+ Kc7 36. Kf1 Qe4 37. Qxe4 Bxe4 38. g3 b4 39. Bf7
c3 40. bxc3 bxc3 41. Ke2 Kd6 42. Ke3 Ke5 43. Bb3 Bf5 44. h4 gxh4 45. gxh4 Bg6
46. Ba4 Kf6 47. Bd7 Ke5 48. Ba4 Kf6 49. f3 c2 50. Kd2 Bh5 51. Bc6 Bxf3 52. Bxf3
1/2-1/2

[Event "Aeroflot Open 2010"]
[Site "Moscu RUS"]
[Date "2010.02.14"]
[Round "6.9"]
[White "Mamedov, Rauf"]
[Black "Naiditsch, Arkadij"]
[Result "0-1"]
[WhiteElo "2640"]
[BlackElo "2687"]
[PlyCount "54"]
[EventDate "2010.02.09"]
[EventType "swiss"]
[EventRounds "9"]
[EventCountry "RUS"]
[Source "lmi"]
[SourceDate "2010.02.09"]

1. e4 e5 2. Nf3 Nc6 3. d4 exd4 4. Nxd4 Bc5 5. Be3 Qf6 6. c3 Nge7 7. Bc4 Ne5 8.
Be2 Qg6 9. O-O d6 10. f4 Qxe4 11. Bf2 Bxd4 12. cxd4 N5g6 13. g3 Qf5 14. Nc3 d5
15. h4 h5 16. Re1 c6 17. Bd3 Qf6 18. Be2 Kf8 19. Bxh5 Nf5 20. Bg4 Ngxh4 21.
gxh4 Qg6 22. Qe2 Be6 23. Kf1 Nxh4 24. Bxh4 Rxh4 25. f5 Qg5 26. fxe6 Rxg4 27.
Qh2 Qf5+ 0-1

[Event "Aeroflot Open 2010"]
[Site "Moscu RUS"]
[Date "2010.02.14"]
[Round "6.10"]
[White "Sargissian, Gabriel"]
[Black "Zhou, Jianchao"]
[Result "1/2-1/2"]
[WhiteElo "2680"]
[BlackElo "2632"]
[PlyCount "68"]
[EventDate "2010.02.09"]
[EventType "swiss"]
[EventRounds "9"]
[EventCountry "RUS"]
[Source "lmi"]
[SourceDate "2010.02.09"]

1. c4 Nf6 2. Nc3 g6 3. e4 d6 4. d4 Bg7 5. Nf3 O-O 6. Be2 Bg4 7. Be3 Nfd7 8. d5
Na6 9. Nd4 Bxe2 10. Qxe2 Qc8 11. O-O c5 12. Nf3 Re8 13. Bf4 Nb6 14. Rac1 Qg4
15. Bg3 e5 16. dxe6 Qxe6 17. b3 Bxc3 18. Rxc3 Qxe4 19. Re3 Qc6 20. Rd1 Rxe3 21.
Qxe3 d5 22. Ne5 Qe6 23. cxd5 Nxd5 24. Qf3 Nac7 25. h3 Qf5 26. Qxf5 gxf5 27. Nd7
f4 28. Bh4 b6 29. Nf6+ Nxf6 30. Bxf6 Ne6 31. Rd7 b5 32. Rb7 a6 33. Kf1 h5 34.
a4 bxa4 1/2-1/2

[Event "Aeroflot Open 2010"]
[Site "Moscu RUS"]
[Date "2010.02.14"]
[Round "6.11"]
[White "Volkov, Sergey"]
[Black "Moiseenko, Alexander"]
[Result "1/2-1/2"]
[WhiteElo "2623"]
[BlackElo "2677"]
[PlyCount "93"]
[EventDate "2010.02.09"]
[EventType "swiss"]
[EventRounds "9"]
[EventCountry "RUS"]
[Source "lmi"]
[SourceDate "2010.02.09"]

1. d4 Nf6 2. c4 e6 3. Nc3 Bb4 4. f3 d5 5. a3 Be7 6. e4 dxe4 7. fxe4 e5 8. d5
O-O 9. Bd3 Bc5 10. Bg5 Bg4 11. Bxf6 Qxf6 12. Qxg4 Qf2+ 13. Kd1 Qxb2 14. Rc1 Be3
15. Rc2 Qa1+ 16. Ke2 Bxg1 17. Qf3 f5 18. exf5 Nd7 19. Ne4 Qd4 20. c5 Rxf5 21.
Qxf5 Qe3+ 22. Kd1 Qxd3+ 23. Rd2 Qb3+ 24. Ke2 Qe3+ 25. Kd1 Rf8 26. Qe6+ Kh8 27.
Rxg1 Qxe4 28. Re1 Qb1+ 29. Ke2 Qb5+ 30. Kd1 Qb3+ 31. Ke2 Qc4+ 32. Kd1 Qa4+ 33.
Rc2 h6 34. d6 Nxc5 35. Qxe5 Qg4+ 36. Qe2 Qd4+ 37. Qd2 Nd3 38. Qc3 Qxd6 39. Rd2
Nf2+ 40. Kc1 Qf4 41. Qd4 Qg5 42. Ree2 Ng4 43. h3 Rf1+ 44. Kb2 Nf6 45. Qd8+ Kh7
46. Qd3+ Kh8 47. Qd8+ 1/2-1/2